| 000 | 00894cab a2200277 4500 | ||
|---|---|---|---|
| 001 | ABS57387 | ||
| 008 | 090401t1997 xxu||||| |||| 00| 0 eng d | ||
| 035 | _a(Sirsi) u80027 | ||
| 041 | _aeng | ||
| 100 | _aRumble, P. | ||
| 245 | _aBuilding costs and the Red Book | ||
| 260 | _c1997 | ||
| 350 | _a0 | ||
| 490 |
_aCSM _bChartered Surveyor Monthly _v6(10) July/August 1997, 40-41(2) |
||
| 520 | _aWorked example for insurance reinstatement cost assessment for inclusion in a residential mortgage valuation. | ||
| 650 | _aBCIS WORKED EXAMPLES | ||
| 650 | _aHOUSE REBUILDING COSTS | ||
| 650 | _aINSURANCE VALUATIONS | ||
| 650 | _aREINSTATEMENT COST ASSESSMENT | ||
| 650 | _aBUILT ENVIRONMENT-BUILDING COSTS-REINSTATEMENT COSTS | ||
| 650 | _aRESIDENTIAL MORTGAGE VALUATIONS | ||
| 650 | _aVALUATION METHODS | ||
| 690 | _aRATING AND VALUATION | ||
| 942 | _n0 | ||
| 948 | _c30/07/1997 | ||
| 999 |
_c50368 _d50368 |
||